000 005960000a22002170004500
003 LK-CoMWRAF
005 20230913221130.0
008 230817t1982 ||||| |||| 00| 0 eng d
040 _aLK-CoMWRAF
_dLK-CoMWRAF
_eLK-CoMWRAF
041 _aeng
082 _a297
_bUMR
100 _aUmri, Syed Jalaluddin
245 _aIslam and the Unity of Mankind
250 _a1st Edition
260 _aAligarh :
_bIdara-E-Tahqeeq-O-Tasneef-E-Islami,
_c1982
300 _a29p
650 _aIslam
650 _aThe Unity of mankind in Islamic perspective
700 _aKidwai, A. R.
_etrans.
942 _cBK
999 _c2029
_d2029